Affect and Emotion in Human-Computer Interaction (Record no. 222541)
[ view plain ]
| 000 -LEADER | |
|---|---|
| fixed length control field | 00637nam a2200157Ia 4500 |
| 008 - FIXED-LENGTH DATA ELEMENTS--GENERAL INFORMATION | |
| fixed length control field | 231221s9999 xx 000 0 und d |
| 020 ## - INTERNATIONAL STANDARD BOOK NUMBER | |
| International Standard Book Number | 978-3-540-85099-1 |
| 041 ## - LANGUAGE CODE | |
| Language code of text/sound track or separate title | English |
| 100 ## - MAIN ENTRY--PERSONAL NAME | |
| Personal name | Christian Peter, Russell Beale |
| 245 #0 - TITLE STATEMENT | |
| Title | Affect and Emotion in Human-Computer Interaction |
| 260 ## - PUBLICATION, DISTRIBUTION, ETC. | |
| Date of publication, distribution, etc. | 2008 |
| Name of publisher, distributor, etc. | Springer US |
| Place of publication, distribution, etc. | New York |
| 440 ## - SERIES STATEMENT/ADDED ENTRY--TITLE | |
| Title | Lecture Notes in Computer Science |
| 650 ## - SUBJECT ADDED ENTRY--TOPICAL TERM | |
| Topical term or geographic name entry element | Computer Imaging, Vision, Pattern Recognition and Graphics; Pattern Recognition; Artificial Intelligence (incl. Robotics); Image Processing and Computer Vision; Biometrics; Computer Applications |
| 650 ## - SUBJECT ADDED ENTRY--TOPICAL TERM | |
| Topical term or geographic name entry element | Computer Science |
| 942 ## - ADDED ENTRY ELEMENTS (KOHA) | |
| Koha item type | E-Books |
| Date last seen | Total checkouts | Accession number | Volume/Issue Number | Uniform resource identifier | Price effective from | Category | Lost status | Damaged status | Department | Withdrawn status | Home library | Current library | Shelving location | Entry date | Grants | Billnumber | Currency symbol | Conversion rate | Discount | Old discount |
|---|---|---|---|---|---|---|---|---|---|---|---|---|---|---|---|---|---|---|---|---|
| 26/01/2024 | EB4738 | 4868 | http://link.springer.com/openurl?genre=book&isbn=978-3-540-85098-4 | 26/01/2024 | E-Books | Central Library | Central Library | Central Library | Central Library | CS | 15389 | RS | 1 |
